Journal of Economic Geography

Guardado en:
Detalles Bibliográficos
Formato: Seriadas
Lenguaje:inglés
Publicado: Oxford Oxford University Press
Materias:
Etiquetas: Agregar Etiqueta
Sin Etiquetas, Sea el primero en etiquetar este registro!

MARC

LEADER 00000nas1a2200000 4500
001 0193861
005 20250701092102.6
022 |a 1468-2702 
022 |a 1468-2710 
041 0 |a eng 
044 |a GB 
245 1 0 |a Journal of Economic Geography 
264 1 |a Oxford  |b Oxford University Press 
610 2 0 |a geografia hospodárska 
610 2 0 |a geografia sociálna 
610 2 0 |a politika hospodárska